Sports Quiz

Random Sports or Famous Quiz

Baseball Players by First Names Quiz Stats

 Plays Quiz Updated Oct 25, 2019

Score 0/24 Timer 05:00
19 Plays Today
% Correct
BARRY Bonds
88.5%
DEREK Jeter
88.2%
RICKEY Henderson
87.7%
DAVID Ortiz
85.6%
GEORGE Herman
'Babe' Ruth
84.9%
ROBERTO Clemente
84.6%
MICKEY Mantle
83.5%
HENRY 'Hank' Aaron
81.3%
CALVIN 'Cal'
Ripken Jr.
81.1%
JOSEPH 'Joe' DiMaggio
78.9%
WILLIE Mays
78.7%
RANDALL 'Randy'
Johnson
78.5%
% Correct
ALEXANDER 'Alex'
Rodriguez
78.5%
GREGORY 'Greg'
Maddux
77.7%
JOSÉ 'Albert' Pujols
77.1%
JOHNNY Bench
76%
THEODORE 'Ted'
Williams
75.4%
MICHAEL 'Mike' Schmidt
75%
FRANK Robinson
73.1%
SANFORD 'Sandy'
Koufax
68.4%
STANLEY 'Stan' Musial
67.9%
WALTER Johnson
63.7%
TYRUS 'Ty' Cobb
61%
JOHANNES
'Honus' Wagner
59.9%

You're not logged in!

Compare scores with friends on all Sporcle quizzes.
OR
Log In

Sporcle TV

Today on Sporcle TV


Watch our educational content, quiz creation guides, and fun videos on Sporcle TV.

Show Comments

Extras

Top Quizzes Today


Score Distribution

Your Account Isn't Verified!

In order to create a playlist on Sporcle, you need to verify the email address you used during registration. Go to your Sporcle Settings to finish the process.

Report this User

Report this user for behavior that violates our Community Guidelines.

Details: